000 00308nam a22001457a 4500
008 210308b ||||| |||| 00| 0 eng d
020 _a9780321840813
041 _aeng
080 _26th
_a51
082 _a51
100 _a36
101 _aMAT
245 _aCollege Algebra
_cBlitzer, R
942 _2udc
_cBK
999 _c56021
_d56021